| 000 | 03401cam a2200481 i 4500 | ||
|---|---|---|---|
| 001 | data | ||
| 005 | 20260322212119.0 | ||
| 008 | data | ||
| 035 | _a23028892 | ||
| 906 |
_a7 _bcbc _ccopycat _d2 _encip _f20 _gy-gencatlg |
||
| 925 | 0 |
_aacquire _b1 shelf copy _xpolicy default |
|
| 010 | _a 2023285706 | ||
| 020 |
_a9781039301573 _q(set) |
||
| 020 |
_a9781554814640 _qsoftcover) _qsoftcover) |
||
| 020 |
_a9781554814657 _qsoftcover) _qsoftcover) |
||
| 020 |
_a9781554816194 _qsoftcover) _qsoftcover) |
||
| 035 | _a(OCoLC)1285915661 | ||
| 040 |
_aNLC _beng _erda _cYDX _dDLC _dOCLCO _dOCLCF _dZYU _dNLC _dDLC |
||
| 042 |
_alccopycat _alccopycat |
||
| 043 | _an-us--- | ||
| 050 | 0 | 0 |
_aPS507 _b.B748 2022 |
| 082 | 0 | 4 |
_a810.8 _223 |
| 084 |
_acci1icc _2lacc |
||
| 245 | 0 | 4 | _aThe Broadview anthology of American literature. |
| 264 | 1 |
_aTonawanda, NY, USA : _aTonawanda, NY, USA : _bBroadview Press, _c[2022]- |
|
| 264 | 4 | _c©2022 | |
| 300 |
_avolumes : _billustrations, maps, portraits ; _c24 cm |
||
| 336 |
_atext _btxt _2rdacontent |
||
| 337 |
_aunmediated _bn _2rdamedia |
||
| 338 |
_avolume _bnc _2rdacarrier |
||
| 504 | _aIncludes bibliographical references and index. | ||
| 505 | 0 | 0 |
_tVolume A. Beginnings to 1820 / _rDerrick R. Spires, Cornell University Rachel Greenwald Smith, Saint Louis University Christina Roberts, Seattle University Joseph Rezek, Boston University Justine S. Murison, University of Illinois, Urbana-Champaign Laura L. Mielke, University of Kansas Christopher Looby, UCLA Rodrigo Lazo, UC Irvine Alisha Knight, Washington College Hsuan L. Hsu, UC Davis Michael Everton, Simon Fraser University Christine Bold, University of Guelph. |
| 505 | 0 | 0 |
_tVolume B. 1820 to Reconstruction / _rgeneral editors: Derrick R. Spires, Cornell University Rachel Greenwald Smith, Saint Louis University Christina Roberts, Seattle University Joseph Rezek, Boston University Justine S. Murison, University of Illinois, Urbana-Champaign Laura L. Mielke, University of Kansas Christopher Looby, UCLA Rodrigo Lazo, UC Irvine Alisha Knight, Washington College Hsuan L. Hsu, UC Davis Michael Everton, Simon Fraser University Christine Bold, University of Guelph. |
| 520 |
_a"About the Anthology Covering American literature from its pre-contact Indigenous beginnings through the Reconstruction period, the first two volumes of The Broadview Anthology of American Literature represent a substantial reconceiving of the canon of early American literature. Guided by the latest scholarship in American literary studies, and deeply committed to inclusiveness, social responsibility, and rigorous contextualization, the anthology balances representation of widely agreed-upon major works with an emphasis on American literature's diversity, variety, breadth, and connections with the rest of the Americas."-- _cProvided by publisher. |
||
| 530 | _aIssued also in electronic format. | ||
| 650 | 0 | _aAmerican literature. | |
| 650 | 7 |
_aAmerican literature. _2fast _0(OCoLC)fst00807113 |
|
| 655 | 7 |
_aLiterature. _2fast _0(OCoLC)fst01921716 |
|
| 655 | 7 |
_aLiterature. _2lcgft |
|
| 700 | 1 |
_aSpires, Derrick Ramon, _eeditor. |
|
| 776 | 0 | 8 |
_iOnline version: _tBroadview anthology of American literature. _dPeterborough, Ontario : Broadview Press, 2022 _z9781770488274 _z9781770488274 _w(OCoLC)1294313009 |
| 999 |
_c1811 _d1811 |
||